000 00271nam a22001217a 4500
008 170918b xxu||||| |||| 00| 0 eng d
041 _aeng
080 _a7
100 _a44
101 _aART
245 _aTHE WORLD OF WINSLOW HOMER
_cEDEY.M,A
942 _2udc
_cBK
999 _c27984
_d27984